Organised English Grammar. / (Record no. 8538)

MARC details
000 -LEADER
fixed length control field 00663nam a22001937a 4500
003 - CONTROL NUMBER IDENTIFIER
control field OSt
005 - DATE AND TIME OF LATEST TRANSACTION
control field 20220128153540.0
008 - FIXED-LENGTH DATA ELEMENTS--GENERAL INFORMATION
fixed length control field 200519b xxu||||| |||| 00| 0 eng d
020 ## - INTERNATIONAL STANDARD BOOK NUMBER
International Standard Book Number 9988785402
040 ## - CATALOGING SOURCE
Transcribing agency LC
050 ## - LIBRARY OF CONGRESS CALL NUMBER
Classification number PE1112.W74
100 ## - MAIN ENTRY--PERSONAL NAME
Personal name Wiredu, John F.
245 ## - TITLE STATEMENT
Title Organised English Grammar. /
260 ## - PUBLICATION, DISTRIBUTION, ETC.
Place of publication, distribution, etc. Accra:
Name of publisher, distributor, etc. Academic Publications (Ghana) ltd,
Date of publication, distribution, etc. 1998.
300 ## - PHYSICAL DESCRIPTION
Extent vi, 162 p. :
Other physical details ill.
505 ## - FORMATTED CONTENTS NOTE
Formatted contents note Contents: Parts of speech -- Nouns -- Verbs -- Adjectives -- Adverbs -- Pronouns -- Determiners -- Auxiliary verbs -- Prepositions -- Conjunctions --
650 ## - SUBJECT ADDED ENTRY--TOPICAL TERM
Source of heading or term English language -- Grammar -- Problems, exercises,
942 ## - ADDED ENTRY ELEMENTS (KOHA)
Source of classification or shelving scheme Library of Congress Classification
Koha item type Books
Holdings
Withdrawn status Lost status Source of classification or shelving scheme Damaged status Not for loan Home library Current library Shelving location Date acquired Source of acquisition Full call number Barcode Date last seen Copy number Price effective from Koha item type Total Checkouts
    Library of Congress Classification     WISCONSIN INTERNATIONAL UNIVERSITY COLLEGE, GHANA KUMASI LIBRARY WISCONSIN INTERNATIONAL UNIVERSITY COLLEGE, GHANA KUMASI LIBRARY General Stacks 21/10/2019 WIUC PE1112.W74(2e) K/180/180/19 28/01/2022 1 28/01/2022 Books  
    Library of Congress Classification     WISCONSIN INTERNATIONAL UNIVERSITY COLLEGE, GHANA KUMASI LIBRARY WISCONSIN INTERNATIONAL UNIVERSITY COLLEGE, GHANA KUMASI LIBRARY General Stacks 22/10/2019 STM PE1112.W741(2e) K/194/194/19 28/01/2022 2 28/01/2022 Books  

If you have any concerns or questions; kindly contact the library


© Powered by WIUC ICT DIRECTORATE